000 00454nam a22001337a 4500
008 220908b |||||||| |||| 00| 0 eng d
082 _aENGLISH CAP NO.106
100 _aGyaltshen Tshering
245 _aComprehensive analysis of EI-Mohtar and Gladstone`s novella This is How you lose the time war as speculative fiction
260 _aThimphu :
_bRoyal Thimphu College,
_c2022.
300 _a25 p.
_c30 cm.
650 _aStudent research work
942 _2ddc
999 _c9118
_d9119